La Seconde Guerre mondiale de A à Z - Statistiques

Statistiques générales
  • Ce quiz a été pris 82 263 fois
  • Le résultat moyen est 14 sur 25
Statistiques - réponses
Indice Réponse % Correct
A Plus grand camp de concentration Auschwitz
92%
I Pays dirigé par Mussolini Italie
91%
S Dictateur soviétique Joseph Staline
87%
N Ville détruite avec Hiroshima par une bombe atomique en 1945 Nagasaki
84%
F Titre porté par Adolf Hitler Führer
82%
P Base américaine aéronavale attaquée en 1941 Pearl Harbor
77%
V Capitale de l'État français Vichy
75%
K Avion-suicide japonais Kamikaze
70%
Z "Libre" ou "Occupée" en France Zone
68%
G Camps soviétiques où périrent 1/4 des détenus en Hiver 1941-1942 Goulag
65%
B "Guerre éclair" en allemand Blitzkrieg
63%
R Président américain jusqu'en 1945 Franklin D. Roosevelt
61%
L Ville soviétique assiégée pendant 3 ans Léningrad
60%
M Ligne fortifiée entre la France et l'Allemagne Ligne {Maginot}
58%
T Président américain à la fin de la guerre Harry Truman
52%
Y Ville de Crimée hôte d'une célèbre conférence en 1945 Yalta
47%
U Une des plages du Débarquement {Utah} Beach
43%
E Commandant suprême américain Dwight D. Eisenhower
41%
H Empereur du Japon Hirohito
39%
O Nom de code de la Bataille de Normandie Overlord
36%
D Ville allemande bombardée en février 1945 Dresde
32%
W "Force de défense" allemande Wehrmacht
27%
C Il n'avait à offrir que du sang, du labeur, des larmes et de la sueur Winston Churchill
27%
J Officier général le plus décoré de l'Union soviétique Gueorgui Joukov
12%
Q Lieu des conférences de 1943 et 1944 américano-britanniques Québec
12%
Aucun quiz correspondant
Distribution des résultats
% des personnes avec chaque résultat
Percentile par nombre de réponses
Votre historique - résultats
Vous n’avez pas pris ce quiz